Výchovný program formovania vzťahov medzi deťmi v detských domovoch III. časť

Podrobná bibliografia
Hlavný autor: Lednická, Jana (Autor)
Médium: Článok
Jazyk:slovenčina
ISSN:0139-6919
Predmet:

MARC

LEADER 00000nab a2200000 a 4500
001 vtls000722627
003 SK-MaSNL
005 20260304110321.0
008 250429c2000 xo 0 slo
015 |a SNBRB2000/05-14128 
035 |a CLN000074794 
035 |a urn:nbn:sk:snk-abd3lf 
035 |a (urnnbn)urn:nbn:sk:snk:ar-007keo 
035 |a (uuid)b49bf83c-a0f4-48ef-a0dd-3d16383d1590 
040 |a SNKBUCL  |b slo  |c SNKBUCL  |e AACR2 
041 0 |a slo 
044 |a xo  |c SK 
080 |a 37.018.3:37.064  |2 1997 
080 |a 37.064:37.018.3  |2 1997 
100 1 |a Lednická, Jana  |4 aut  |9 17316 
245 1 0 |a Výchovný program formovania vzťahov medzi deťmi v detských domovoch  |n III. časť  |c Jana Lednická 
650 0 7 |a interpersonálne vzťahy  |2 snkbucl  |9 3770 
650 0 7 |a deti  |2 snkbucl  |9 773 
650 0 7 |a detské domovy  |2 snkbucl  |9 69524 
655 7 |a články z novín a časopisov  |2 snkbucl  |9 267496 
773 0 |t Vychovávateľ  |g Roč. 44, č. 7-8 (2000), s. 19-22  |x 0139-6919 
850 |a Slovenská národná knižnica 
852 |a Slovenská národná knižnica 
954 |a odborná, vedecká literatúra pôvodná (slovenská)  |2 lita 
958 |a article17 
958 |a SK 
958 |a OND 
958 |a EUIPO 
992 |a RBX 
999 |c 2859435  |d 2861365